[Event "AUT-ch Open 2020"]
[Site "Graz"]
[Date "2020.02.18"]
[Round "6.12"]
[White "Peycheva, Gergana"]
[Black "Pavlov, Mark"]
[Result "1-0"]
[WhiteElo "2286"]
[BlackElo "2152"]
[Annotator "TA"]
[PlyCount "61"]
[EventDate "2020.02.14"]
[EventType "swiss"]
[EventCountry "AUT"]
[SourceTitle "playchess.com"]
[Source "ChessBase"]
[SourceQuality "1"]

{[%evp 26,95,44,26,31,15,20,19,80,71,74,104,90,97,137,155,155,144,146,148,208,194,258,203,379,375,531,475,685,529,691,684,900,891,1302,1288,1187,901,844,456,708,598,643,603,628,604,895,893,763,451,441,431,431,433,407,375,438,427,528,539,530,520,573,573,1124,1097,1070,1076,1413,1262,989,979]} 1. d4 Nf6 2. c4 c5 3. d5 e6 4. Nc3 exd5 5. cxd5 d6 6. e4 g6 7. f4 Bg7 8. Bb5+ Nfd7 9. a4 O-O 10. Nf3 Na6 11. O-O Nb4 12. Re1 a6 13. Bf1 Re8 14. h3 f5 {A67: Modern Benoni: Taimanov Variation.} 15. Qb3 fxe4 16. Nxe4 Nf8 (16... Nf6 $11 17. Nxf6+ Bxf6) 17. g4 $16 h5 18. gxh5 Bf5 19. Nfg5 gxh5 20. Bd2 Bxe4 {[#]} 21. Rxe4 $146 ({Predecessor:} 21. Nxe4 a5 22. Bb5 Re7 23. Kh2 Ng6 24. Qg3 Nc2 25. Qxg6 Nxa1 26. Bc3 Kf8 27. Rg1 Qc7 28. Ng5 Bxc3 29. Ne6+ Rxe6 30. Qg8+ Ke7 31. Qxe6+ {1-0 (31) Fernandez Perez,D (2221)-Triadu Cassa,J (2143) Palafrugell 2012}) 21... Rxe4 22. Nxe4 Qh4 {[#]} (22... Qd7 $16 {keeps fighting.} 23. Bg2 Re8) 23. Bg2 $1 $18 Re8 (23... Rd8 $142 24. Rf1 (24. Bxb4 cxb4 25. f5 Nd7 $11) 24... Qe7 25. Nxc5 (25. Bxb4 cxb4 26. Qxb4 Rc8 $18) 25... dxc5) 24. Re1 ({Don't take} 24. Nxd6 Re2 $18) (24. Bxb4 cxb4 25. Qe3 (25. Qxb4 Ng6 $11) 25... Nd7 $11) 24... Kh8 $2 (24... Nh7 {was worth a try.} 25. Kh1 (25. Bxb4 cxb4 26. Rf1 Qe7 $16) 25... Rd8) 25. Rf1 Ng6 (25... Rxe4 $142 26. Bxe4 Qe7) 26. Be1 Qd8 (26... Qe7 $142 27. f5 Bd4+ 28. Kh1 Qh7 29. fxg6 Qxg6) 27. Qf3 Bd4+ 28. Kh1 Qd7 29. f5 Nf8 30. Qxh5+ Nh7 31. f6 {Played: Ne4xd6} 1-0

[Event "AUT-ch Open 2020"]
[Site "Graz"]
[Date "2020.02.18"]
[Round "6.13"]
[White "Manush Shah"]
[Black "Janzelj, Tim"]
[Result "0-1"]
[WhiteElo "2322"]
[BlackElo "2451"]
[Annotator "TA"]
[PlyCount "102"]
[EventDate "2020.02.14"]
[EventType "swiss"]
[EventCountry "AUT"]
[SourceTitle "playchess.com"]
[Source "ChessBase"]
[SourceQuality "1"]

{[%evp 11,138,-12,-1,0,22,20,20,20,13,20,15,10,17,17,17,0,29,27,45,44,40,31,81,49,69,77,77,69,80,64,122,79,79,79,79,79,102,94,93,29,29,23,68,0,0,0,0,-8,-7,-54,-56,-152,-121,-124,-118,-56,-56,-268,-241,-263,-256,-243,-231,-286,-276,-285,-276,-357,-335,-620,-612,-1029,-981,-1069,-747,-5608,-5600,-5455,-5181,-1452,-3368,-3331,-2815,-2679,-3742,-2660,-2734,-2619,-2329,-29953,-29967,-29972,-29974,-29974,-29976,-29976,-29965,-29962,-29962,-5583,-5173,-4133,-891,-29973,-29964,-5604,-5285,-29978,-29981,-29981,-29982,-29982,-29983,-29983,-29984,-29984,-29984,-29988,-29989,-29989,-29981,-29981,-29982,-29982,-29983,-29983,-29984,-29984,-29985]} 1. d4 d5 2. c4 e6 3. Nf3 Nf6 4. e3 b6 5. Nc3 Bb7 6. cxd5 exd5 7. Bd3 {E14: Queen's Indian: Classical Variation (4 e3).} Nbd7 8. O-O Bd6 9. Qc2 {The position is equal.} a6 10. e4 dxe4 11. Nxe4 O-O 12. Nxd6 cxd6 13. Bf4 Rc8 14. Qb3 Ne8 15. Bf5 {[#]} Rc7 $146 ({Predecessor:} 15... Rc6 16. Rfe1 Ndf6 17. Re2 Bc8 18. Bd3 Nc7 19. Rae1 Be6 20. Qa3 Nfd5 21. Be4 Qd7 {0-1 (40) Chatalbashev,B (2537)-Nagy,E (2322) Balatonlelle 2002}) 16. Bg5 Nef6 17. Qb4 (17. Nd2 {is interesting.} h6 18. Bh4 Re8 19. f3 b5 20. Ne4) 17... h6 18. Bh4 $1 $36 {[%mdl 2048] White is in control.} Bxf3 19. gxf3 Rc6 20. Kh1 Re8 (20... Qa8 $14) 21. Bxd7 {[%mdl 64] Overworked Piece} Qxd7 22. Bxf6 $1 gxf6 23. Rg1+ Kf8 24. d5 Rc5 25. Qf4 ({White should try} 25. Qxb6 $16 Rxd5 26. Qxa6) 25... Rxd5 $11 26. Qxf6 Re6 27. Qg7+ (27. Qh8+ $1 $14 Ke7 28. Qb8) 27... Ke7 28. Rae1 Rde5 29. Rxe5 dxe5 {[%mdl 4096] Endgame KQR-KQR} 30. Qg4 Qd4 31. Qxd4 (31. b3 $15) 31... exd4 $15 {KR-KR} 32. Rd1 Rd6 33. Kg2 Ke6 34. Kf1 $2 (34. f4 $1 $15) 34... d3 $19 35. Ke1 Ke5 36. Kd2 Kf4 37. Re1 Kxf3 38. Re5 Kxf2 39. Rf5+ Kg2 40. Rxf7 $2 (40. Rh5) 40... Kxh2 41. Rg7 a5 42. b3 Kh3 43. a4 h5 44. Rg5 h4 45. Rg7 Kh2 46. Rg4 h3 47. Rg5 Kh1 48. Rg3 h2 49. Rg7 Rd4 50. Rg6 Rb4 51. Kc3 {[#]} b5 {Played: d3-d2} 0-1

[Event "AUT-ch Open 2020"]
[Site "Graz"]
[Date "2020.02.18"]
[Round "6.13"]
[White "Brinovec, David"]
[Black "Regez, Markus"]
[Result "0-1"]
[WhiteElo "2279"]
[BlackElo "2144"]
[Annotator "TA"]
[PlyCount "72"]
[EventDate "2020.02.14"]
[EventType "swiss"]
[EventCountry "AUT"]
[SourceTitle "playchess.com"]
[Source "ChessBase"]
[SourceQuality "1"]

{[%evp 12,150,20,20,28,30,42,42,25,23,46,-2,26,8,13,-74,-71,-78,-63,-67,-63,-133,-121,-129,-102,-129,-113,-114,-97,-95,-67,-146,-129,-235,-220,-224,-224,-265,-111,-118,-102,-89,-44,-40,0,0,0,0,0,0,0,-50,-50,-79,-79,-77,-80,-262,-255,-237,-154,-233,-197,-271,-194,-181,-188,-464,-441,-358,-286,-377,-379,-620,-517,-517,-517,-517,-332,-290,0,-517,-517,-517,-515,-3102,-2754,-2233,-2050,-3981,-4520,-3570,-2772,-2727,-2041,-3070,-627,-4066,-5089,-4114,-3390,-1618,-2358,-2105,-2052,-710,-1377,-6068,-5977,-6068,-6068,-5841,-5443,-3290,-979,-1583,-1288,-4279,-2782,-3070,-1410,-4599,-1109,-2420,-1100,-1812,-1601,-6068,-5425,-12829,-5125,-29976,-29972,-29972,-29973,-29978,-29979,-29973,-29976,-29984,-29984]} 1. e4 c5 2. c3 d5 3. exd5 Qxd5 4. d4 g6 5. Be2 cxd4 6. Nf3 Bg7 7. cxd4 Nh6 {B06: Modern Defence.} 8. Nc3 Qd8 9. Bf4 O-O {White is slightly better.} 10. O-O Nf5 {[%cal Rf5d4]} 11. Be5 Bh6 {[#]} 12. h3 $146 ({Predecessor:} 12. d5 Nd7 13. Bg3 Nf6 14. Be5 Nd7 15. Bg3 Nxg3 16. hxg3 Nf6 17. Re1 Bf5 18. Bd3 Bxd3 19. Qxd3 {1-0 (31) Van den Berg,B (2112)-Hommeles,T (2393) Vlissingen 2002}) 12... Nc6 {[%cal Bb8c6,Bc6d4,Bd4e2][%mdl 32]} 13. g4 (13. Re1 $11) 13... f6 $17 14. gxf5 fxe5 15. d5 Nd4 $1 16. Nxe5 (16. fxg6 $15 Nxf3+ 17. Bxf3) 16... Nxe2+ 17. Qxe2 Bxf5 18. Ng4 Bg7 19. Qe3 Qd7 20. f3 b5 {Threatens to win with ...b4.} 21. a3 ({Better is} 21. Rad1 $1 $15) 21... a5 {[%cal Ba7a5,Ba5b4][%mdl 32]} 22. Rae1 (22. Rfd1 $17 {is a better defense.}) 22... b4 $19 23. axb4 axb4 24. Nd1 Qa7 (24... Qxd5 $19 25. Qxe7 Qd4+ 26. Qe3 Bd7 27. Qxd4 Bxd4+ 28. Kg2 Bb5) 25. Kg2 $17 Qxe3 (25... Qb8 {feels hotter.} 26. Rf2 Ra1 27. Nh6+ Bxh6 28. Qxh6 Qd6) 26. Rxe3 Bxg4 (26... Ra7 {looks sharper.} 27. Rfe1 Ra5 28. Ne5 Rxd5 29. Nc6 Rd2+) 27. hxg4 Kf7 28. Rfe1 Bf6 29. f4 h6 30. Rb3 Ra1 31. Rh1 Rc8 {...Rc2+ is the strong threat.} 32. Ne3 Rxh1 33. Kxh1 {[%mdl 4096] Endgame KRB-KRN} Bd4 34. Ng2 $2 (34. f5 $17) 34... Rc1+ $1 $19 35. Kh2 Bc5 36. Rd3 (36. Kg3 $17) 36... g5 {Played: Rc1-c2} 0-1

[Event "AUT-ch Open 2020"]
[Site "Graz"]
[Date "2020.02.18"]
[Round "6.14"]
[White "Kilgus, Georg"]
[Black "Ozturk, Kubra"]
[Result "1/2-1/2"]
[WhiteElo "2450"]
[BlackElo "2286"]
[Annotator "TA"]
[PlyCount "61"]
[EventDate "2020.02.14"]
[EventType "swiss"]
[EventCountry "AUT"]
[SourceTitle "playchess.com"]
[Source "ChessBase"]
[SourceQuality "1"]

{[%evp 11,61,18,19,22,22,18,18,1,42,35,45,32,59,15,33,30,32,9,28,20,62,53,66,7,43,0,0,0,0,-346,-343,-331,-322,-337,-290,-295,-26,-26,-15,-26,-15,-31,-15,-12,0,-23,-10,-10,3,5,77,1]} 1. e4 e5 2. Bc4 Nf6 3. d3 c6 4. Nf3 Be7 5. O-O d6 6. Bb3 O-O 7. Nbd2 {[%cal Bb1d2,Bd2f1,Bf1e3][%mdl 32] C24: Bishop's Opening: 2...Nf6.} a5 {[#] Hoping for ...a4.} 8. c3 Nbd7 {[#]} 9. a4 $146 {The position is equal.} ({Predecessor:} 9. Re1 h6 10. d4 Nh7 11. Nc4 a4 12. Bc2 b5 13. Ne3 Re8 14. c4 Ng5 15. cxb5 cxb5 {1-0 (56) Kovalev,A (2526)-Zilka,S (2373) Karvina 2006}) 9... b5 10. d4 Ba6 11. Re1 Qc7 12. Nf1 bxa4 13. Bxa4 Rfe8 14. Bb3 c5 15. Ne3 c4 16. Ba4 Bf8 17. dxe5 (17. Nd2 $14) 17... dxe5 $11 18. Nd5 (18. Bxd7 $5 Nxd7 19. Nd5 $14) 18... Nxd5 19. Qxd5 Nf6 20. Qc6 $2 {[%mdl 8192] [#]} (20. Qd2 $11 {and White has nothing to worry.}) 20... Qb8 $19 21. Bg5 Re6 22. Bxf6 Rxc6 23. Bxc6 Bb7 $2 ({Inferior is} 23... Qxb2 24. Reb1 $11) (23... gxf6 $19 24. Bxa8 Qxa8 25. Rxa5 Qb7) 24. Bxe5 $11 Qc8 25. Ba4 Bc6 26. Bc2 a4 {[%mdl 1024] Black has compensation.} 27. Bd4 Be8 28. e5 Be7 29. Nd2 a3 30. bxa3 Bxa3 (30... Rxa3 $11 31. h3 Rxa1 32. Rxa1 f6) 31. Ne4 {Accuracy: White = 77%, Black = 68%.} ({Better is} 31. Reb1 $16) 1/2-1/2

[Event "AUT-ch Open 2020"]
[Site "Graz"]
[Date "2020.02.18"]
[Round "6.14"]
[White "Neuschmied, Siegfried"]
[Black "Golecki, Jan"]
[Result "1-0"]
[WhiteElo "2268"]
[BlackElo "2112"]
[Annotator "TA"]
[PlyCount "77"]
[EventDate "2020.02.14"]
[EventType "swiss"]
[EventCountry "AUT"]
[SourceTitle "playchess.com"]
[Source "ChessBase"]
[SourceQuality "1"]

{[%evp 22,85,14,14,41,12,7,-33,-45,-39,-40,-36,-40,-37,-52,-113,-47,-47,0,0,0,0,1,0,49,8,15,0,112,34,30,-7,-7,-3,0,-31,0,-53,-97,-131,-114,-116,58,69,75,83,196,187,218,214,1008,316,630,316,706,268,29967,29966,29988,29989,29993,29991,29994,29995,29995,29996]} 1. e4 c5 2. Nf3 e6 3. d4 cxd4 4. Nxd4 Nf6 5. Nc3 Nc6 6. Ndb5 d6 7. Bf4 e5 8. Bg5 a6 9. Na3 b5 10. Nd5 Be7 11. Bxf6 Bxf6 12. c4 {12.c4 is the modern continuation. Played by Duda in December 2019.} Nd4 {B33: Sicilian: Pelikan and Sveshnikov Variations.} 13. Nc2 {[#]} Bg4 $1 {[%mdl 512]} 14. f3 (14. Qxg4 Nxc2+) 14... Bh4+ {Black is slightly better.} 15. Kd2 Bg5+ {[#]} 16. Ke1 $146 ({Predecessor:} 16. Nce3 Bxe3+ 17. Nxe3 Qa5+ 18. Kc1 Be6 19. Nc2 Nxc2 20. Qxc2 Qe1+ 21. Qd1 Qxd1+ 22. Kxd1 bxc4 23. Rc1 {0-1 (68) Zunec,N (1500)-Zorko,Z Rogaska Slatina 2009}) 16... Nxc2+ 17. Qxc2 Be6 18. cxb5 ({White must play} 18. Rd1 $1 $15) 18... O-O (18... Bxd5 $1 $17 19. exd5 Rc8) 19. Qc7 $15 Qe8 20. h4 (20. bxa6 Bxd5 21. exd5 e4 $17) 20... Bd8 21. Qc6 Bd7 22. Qxd6 Bxb5 23. Kf2 Rc8 24. Kg3 f5 (24... Rc6 $11 25. Qb4 (25. Bxb5 axb5 26. Qb4 f5 $11) 25... Bxf1 26. Raxf1 Qe6) 25. exf5 (25. Bxb5 $16 Qxb5 26. exf5 (26. Qxe5 $2 Bc7 $19 {[%mdl 64] Pin})) 25... Rc6 26. Bxb5 axb5 27. Qb4 Rc4 28. Qd6 (28. Qb3 $5 {[%cal Rd5e3]} Rxf5 29. Rad1 $11 (29. Ne3 Qg6+ 30. Kf2 Bb6 $11)) 28... Rc6 29. Qa3 (29. Qb4 $11) 29... Rxf5 {Threatens to win with ...e4.} 30. Qb3 {Black must now prevent Nf6+.} Kh8 $1 {[%mdl 1024] Hoping for ...e4. Black has strong compensation.} 31. Rae1 Rh5 $2 (31... Rg6+ $1 $17 32. Kh2 Bxh4) 32. Re4 $1 $36 {[%mdl 2048] Black is under pressure.} Rg6+ {[#]} 33. Kf2 $1 {And now Nf4! would win.} Qd7 {[#]} (33... Rd6 $16 {was necessary.}) 34. g3 $1 $18 Rd6 35. Rd1 Bb6+ $2 (35... h6 36. Kg2 Rf5) 36. Kg2 $2 (36. Nxb6 Qd8 37. Rxd6 Qxd6 38. Qxb5) 36... Bd4 $2 (36... Bc5 37. Ree1 Bd4) 37. Nc3 g5 $2 (37... Bxc3 38. Rxd6 Qxd6) 38. Qxb5 $2 (38. Nxb5 Rhh6 39. Nxd4) 38... Qc8 $2 {[#]} (38... gxh4 $18 39. Rexd4 (39. Rxh4 Rxh4 40. Qxd7 Rxd7 $16) 39... Qxb5 40. Nxb5 Rxd4 41. Nxd4 exd4) 39. Rxe5 {Played: Rd1xd4} 1-0

[Event "AUT-ch Open 2020"]
[Site "Graz"]
[Date "2020.02.18"]
[Round "6.15"]
[White "Blohberger, Felix"]
[Black "Godzwon, Iwo"]
[Result "1-0"]
[WhiteElo "2448"]
[BlackElo "2321"]
[Annotator "TA"]
[PlyCount "121"]
[EventDate "2020.02.14"]
[EventType "swiss"]
[EventCountry "AUT"]
[SourceTitle "playchess.com"]
[Source "ChessBase"]
[SourceQuality "1"]

{[%evp 21,121,33,41,35,30,39,51,42,54,43,55,55,55,51,51,25,62,47,79,64,85,82,57,15,18,23,62,62,62,60,62,56,57,47,52,36,20,18,35,43,58,48,58,42,53,38,43,38,53,31,39,0,36,36,38,31,27,31,89,19,97,37,37,0,49,42,49,42,26,13,81,81,81,56,83,52,84,85,157,157,157,157,149,167,1048,1041,1022,992,901,852,876,689,1249,1138,1118,1012,871,799,776,750,720,709]} 1. Nf3 c5 2. c4 g6 3. e4 Bg7 4. d4 cxd4 5. Nxd4 Nc6 6. Be3 Nf6 7. Nc3 O-O 8. Be2 d6 9. O-O Bd7 10. h3 Nxd4 11. Bxd4 Bc6 12. Qc2 {B38: Sicilian: Maroczy Bind with 5...Bg7 and 7...0-0.} a5 13. Rad1 {[%cal Ba1d1,Bd1d3,Bd3e3][%mdl 32]} Qc7 14. Nd5 {White is slightly better.} Bxd5 15. exd5 Nd7 16. Bxg7 Kxg7 17. Rd3 {[#]} Nf6 $146 ({Predecessor:} 17... Kg8 18. Re3 Rfe8 19. Qc3 a4 20. Re1 Qa5 21. Qc1 Nf6 22. Bf1 Kf8 23. R3e2 Rac8 {0-1 (44) Thybo,J (2513)-Aabling Thomsen,J (2358) Svendborg 2019}) 18. a4 Rac8 19. b3 Rfe8 20. Qb2 Qc5 21. Re3 Rc7 22. Re1 e5 23. dxe6 fxe6 24. Rd1 e5 25. Bf3 Rf8 26. Qd2 Rd7 27. Bd5 b6 28. Re2 (28. Bf3 {seems wilder.} Re8 29. Qb2 Rde7 30. Red3 Rd8 31. Bd5) 28... Nh5 29. Qe3 Qxe3 30. Rxe3 Nf4 31. h4 Kf6 32. g3 Ne6 33. Bxe6 Kxe6 $14 {[%mdl 4096] Endgame KRR-KRR} 34. Kg2 Rc8 35. Rd5 Rc5 36. Red3 Rd8 37. Kf3 Rf8+ 38. Ke3 Rd8 39. Ke4 Rd7 (39... Rxd5 $14 40. cxd5+ Kd7) 40. Rd2 (40. g4 $16) 40... Rc6 (40... Rxd5 $11 {keeps the balance.} 41. Rxd5 Rf7) 41. R5d3 (41. f4 $16) 41... Rf7 42. Rd5 Rf8 43. f4 exf4 44. gxf4 Rf6 45. h5 Kf7 (45... Kd7 $11) 46. hxg6+ hxg6 47. Kf3 Re6 48. Kg4 Re3 49. R2d3 ({Of course not} 49. Rxd6 $6 Rxd6 50. Rxd6 Rxb3 $11) 49... Rxd3 (49... Re6 $142) 50. Rxd3 $16 {KR-KR} Ke6 51. Kg5 Kf7 {[#]} 52. Rd5 $1 Rc5 $2 {[#]} (52... Kg7) 53. f5 $1 $18 {[%cal Rf5g6] White is clearly winning.} gxf5 54. Rxd6 Re5 55. Rxb6 Ke7 56. Kf4 Re4+ 57. Kxf5 Re3 58. Kf4 Rh3 59. Ke4 Kd7 60. Kd4 Kc7 61. c5 {Accuracy: White = 79%, Black = 61%.} 1-0

[Event "AUT-ch Open 2020"]
[Site "Graz"]
[Date "2020.02.18"]
[Round "6.15"]
[White "Meurs, Tom"]
[Black "Palczert, Matyas"]
[Result "0-1"]
[WhiteElo "2249"]
[BlackElo "2094"]
[Annotator "TA"]
[PlyCount "54"]
[EventDate "2020.02.14"]
[EventType "swiss"]
[EventCountry "AUT"]
[SourceTitle "playchess.com"]
[Source "ChessBase"]
[SourceQuality "1"]

{[%evp 11,53,29,38,40,62,38,53,40,55,55,88,87,87,98,106,0,8,-42,-33,-48,-62,-90,-51,-51,-58,-119,-131,-160,-152,-151,-147,-176,-80,-64,-183,-793,-792,-1131,-1101,-1754,-1553,-29993,-29994,-29999]} 1. e4 c5 2. Nf3 e6 3. d4 cxd4 4. Nxd4 Nc6 5. Nc3 Qc7 6. Be3 a6 7. Qf3 {is now debated instead of 7.Qd2. B48: Sicilian: Taimanov: 5 Nc3 Qc7 6 Be3 a6 without Be2.} d6 8. Nxc6 bxc6 9. O-O-O {White is slightly better.} Nf6 10. g4 Be7 11. g5 Nd7 12. Qg3 Rb8 13. Bc4 ({Better is} 13. h4 $16) 13... Qb7 $11 14. Bb3 c5 $1 {[%cal Bc6c5,Bc5c4][%mdl 32] [#]} 15. f4 $146 ({Predecessor:} 15. Rxd6 c4 16. Bxc4 Qxb2+ 17. Kd2 Bxd6 18. Qxd6 Qb4 19. Qc7 O-O 20. Rb1 Rb7 21. Qc6 {0-1 (35) Poetsch,H (2483)-Medvegy,Z (2550) Germany 2017}) 15... c4 16. Ba4 Qxb2+ 17. Kd2 {Hoping for Rb1.} Qa3 18. f5 (18. Bd4 $15) 18... O-O $17 19. Bxd7 Bxd7 20. f6 Bd8 21. fxg7 Re8 (21... Kxg7 $19 {is more deadly. And now ...Rb2 would win.} 22. Ke2 Rb2) 22. g6 hxg6 {White must now prevent ...Ba5.} 23. Qh3 $2 {[#]} (23. Rhf1) 23... Qxc3+ $1 $19 {[%mdl 512]} 24. Kxc3 Ba5+ 25. Kxc4 Rec8+ 26. Kd3 Bb5+ 27. Kd4 Bc3# {Accuracy: White = 67%, Black = 76%.} 0-1

[Event "AUT-ch Open 2020"]
[Site "Graz"]
[Date "2020.02.18"]
[Round "6.16"]
[White "Halvax, Georg"]
[Black "Dimitrov, Vladimir"]
[Result "0-1"]
[WhiteElo "2428"]
[BlackElo "2285"]
[Annotator "TA"]
[PlyCount "56"]
[EventDate "2020.02.14"]
[EventType "swiss"]
[EventCountry "AUT"]
[SourceTitle "playchess.com"]
[Source "ChessBase"]
[SourceQuality "1"]

{[%evp 9,74,32,27,17,25,0,31,26,42,38,38,54,43,-6,1,-58,-18,-36,-43,-38,-43,-21,0,0,0,0,0,-43,14,14,11,-90,-90,-93,-77,-70,-79,-91,-102,-101,-97,-140,-152,-259,-235,-328,-324,-281,-179,-372,-368,-270,-260,-492,-477,-707,-689,-737,-893,-855,-835,-1934,-1929,-5410,-3589,-2184,-1525]} 1. e4 c5 2. Nf3 d6 3. d4 cxd4 4. Nxd4 Nf6 5. Nc3 a6 6. h4 {B90: Sicilian Najdorf: Unusual White 6th moves, 6 Be3 Ng4 and 6 Be3 e5.} e6 7. g4 b5 8. a3 {White is slightly better.} Bb7 9. Bg2 Nfd7 10. g5 Nc6 {[#]} 11. Nce2 $146 ({Predecessor:} 11. h5 Nxd4 12. Qxd4 Qb6 13. Qd1 Be7 14. f4 O-O-O 15. Qe2 Qc6 16. Rh3 Kb8 17. b3 f6 18. gxf6 Bxf6 {1-0 (43) Della Morte,G (2353)-Alarcon Careaga,G (2134) Caba 2018}) 11... Rc8 12. O-O (12. Nxc6 $11 Rxc6 13. Be3) 12... Nc5 13. Re1 h6 14. b4 Na4 15. g6 Qxh4 16. gxf7+ $1 Kxf7 {[#]} 17. Nxe6 $1 {[%mdl 512]} Ne5 (17... Kxe6 18. Nf4+) 18. N6f4 g5 (18... Be7 $15) 19. Nd5 $1 $11 Qg4 {Hoping for ...Nf3+.} ({Much weaker is} 19... Ng4 20. Ng3 $16) 20. Nd4 (20. Kf1 $1 $11 {keeps the balance.}) 20... Qxd1 21. Rxd1 Bxd5 22. exd5 Bg7 23. Nf5 Nc4 $36 {[%mdl 2048] Black is really pushing.} 24. Nxg7 Kxg7 25. f4 {[#]} g4 $1 26. Rd4 (26. Re1 $17 {might work better.}) 26... Rhe8 27. f5 h5 28. Bg5 Nc3 {Played: Nc4-e3} 0-1

[Event "AUT-ch Open 2020"]
[Site "Graz"]
[Date "2020.02.18"]
[Round "6.16"]
[White "Bakalarz, Mietek"]
[Black "Horvath, Reka"]
[Result "1-0"]
[WhiteElo "2245"]
[BlackElo "2018"]
[Annotator "TA"]
[PlyCount "75"]
[EventDate "2020.02.14"]
[EventType "swiss"]
[EventCountry "AUT"]
[SourceTitle "playchess.com"]
[Source "ChessBase"]
[SourceQuality "1"]

{[%evp 14,75,58,56,72,78,91,82,87,66,105,105,94,58,58,61,58,58,141,82,86,85,121,115,159,146,360,367,347,348,325,336,360,152,152,152,142,145,152,154,172,172,167,169,164,165,222,216,368,344,416,416,389,271,402,390,371,315,296,296,388,362,1031,1007]} 1. e4 c5 2. c3 d6 3. d4 Nf6 4. Bd3 Qc7 5. Nf3 g6 6. O-O Bg7 7. Re1 O-O 8. h3 Nfd7 {B07: Pirc Defence: Miscellaneous Systems.} 9. d5 a6 10. a4 {[#]} b6 $146 {White is better.} ({Predecessor:} 10... e6 11. Nbd2 Nf6 12. Nc4 exd5 13. exd5 Nxd5 14. Be4 Nf6 15. Qxd6 Qxd6 16. Nxd6 Nxe4 17. Nxe4 {1-0 (30) Vysochin,S (2562)-Zozulia,A (2340) Warsaw 2010}) 11. Nbd2 {[%cal Bb1d2,Bd2f3,Bf3e5][%mdl 32]} Ne5 12. Nxe5 Bxe5 13. Nf3 Bg7 14. Bc4 Nd7 15. Bg5 Nf6 {[#]} ({Better is} 15... Ne5 $14 16. Nxe5 Bxe5) 16. Qd2 (16. e5 $142 $1) 16... Bd7 17. e5 dxe5 18. Nxe5 b5 19. axb5 axb5 $2 {[#]} (19... Bxb5 $16 20. b3 Rad8) 20. d6 $1 $18 {[%mdl 512]} Qxd6 {aiming for ...Rxa1.} 21. Bxf7+ Kh8 {Hoping for ...Rxa1.} 22. Rxa8 Rxa8 23. Qxd6 (23. Qe2 $18 {has better winning chances.}) 23... exd6 $16 24. Nxd7 Nxd7 25. Re8+ Rxe8 26. Bxe8 {[%mdl 4096] Endgame KBB-KBN} Ne5 27. Bxb5 c4 28. Bd2 d5 29. Kf1 Nd3 (29... Kg8 $142 30. f4 Nd3) 30. b4 $18 Nb2 $2 (30... g5 31. Ke2 h6) 31. Ke2 d4 32. cxd4 Bxd4 33. f4 c3 (33... Kg7 $142 34. Bc6 Nd3) 34. Bc1 Kg7 35. Be3 Bf6 36. Bd3 Kf7 37. Bc2 Nc4 $2 (37... Ke7 38. Bb3 Kd7) 38. Bb3 {Accuracy: White = 76%, Black = 40%.} 1-0

[Event "AUT-ch Open 2020"]
[Site "Graz"]
[Date "2020.02.18"]
[Round "6.17"]
[White "Yeritsyan, Aram"]
[Black "Socko, Monika"]
[Result "0-1"]
[WhiteElo "2283"]
[BlackElo "2419"]
[Annotator "TA"]
[PlyCount "118"]
[EventDate "2020.02.14"]
[EventType "swiss"]
[EventCountry "AUT"]
[SourceTitle "playchess.com"]
[Source "ChessBase"]
[SourceQuality "1"]

{[%evp 9,118,18,31,17,23,23,22,20,25,13,25,19,31,0,4,10,0,0,0,0,4,5,26,0,0,0,0,0,0,0,0,0,0,0,0,0,0,0,0,2,40,0,0,0,0,0,0,-58,-51,-98,-92,-148,-148,-187,-130,-130,-130,-152,-120,-135,-109,-114,-102,-150,-96,-262,-188,-372,-373,-359,-358,-357,-356,-472,-472,-455,-442,-279,-272,-522,-272,-524,-735,-777,-775,-729,-691,-884,-870,-1357,-1316,-1302,-1177,-2273,-2048,-29974,-29975,-29974,-29976,-29976,-29976,-29975,-29976,-29975,-29976,-29978,-29976,-29977,-29978,-29975,-29974]} 1. e4 c6 2. d4 d5 3. exd5 cxd5 4. Bd3 Nc6 5. c3 g6 6. Bf4 {B13: Caro-Kann: Exchange Variation and Panov-Botvinnik Attack.} Bh6 {[#]} 7. Ne2 $146 ({Predecessor:} 7. Bxh6 Nxh6 8. Nd2 f6 9. Ngf3 O-O 10. Qb3 Nf7 11. O-O-O e5 12. dxe5 fxe5 13. Bc2 Qa5 {½-½ (58) Plat,V (2547)-Ankit,R (2447) Teplice 2019}) 7... Bxf4 8. Nxf4 {The position is equal.} Qd6 9. Qf3 Nf6 10. O-O O-O 11. Nd2 e5 12. dxe5 Nxe5 13. Qg3 Nxd3 14. Nxd3 Qb6 15. Nb3 Bf5 16. Rfe1 Rfe8 17. Rxe8+ Rxe8 18. Re1 Rxe1+ 19. Nxe1 Bb1 20. Qb8+ Kg7 21. Qe5 Bxa2 $40 {[%mdl 128] Black mounts an attack.} 22. Nd4 $1 Qd8 ({Inferior is} 22... Qxb2 23. g4 $16) 23. Nef3 Qe8 24. Qc7 Qd7 25. Qe5 {[%mdl 1024] White has compensation.} (25. Qa5 $5 {[%cal Ra5a2]} Bc4 26. Qxa7 $11) 25... Bb1 26. h3 h6 27. Qb8 a6 28. Ne5 (28. Qe5 $11) 28... Qe7 $15 29. f3 Ne8 30. f4 {[#]} ({White should play} 30. Ng4) 30... Nd6 $1 $17 31. Kh2 Nc4 (31... g5 $19 32. Nef3 gxf4) 32. Nxc4 dxc4 33. Qc8 Bd3 34. Nf3 Qf6 35. Kg3 b5 36. Qb8 g5 (36... Be4 $142 37. Qc7 Qe6) 37. Nd4 $2 (37. h4 $17 {was called for.}) 37... Be4 38. Qe5 $2 (38. Ne2) 38... gxf4+ $19 {[%mdl 64] [#] Overworked Piece} 39. Qxf4 Qxf4+ 40. Kxf4 Bxg2 {[%mdl 4096] Endgame KB-KN} 41. Nf5+ Kf6 42. h4 Bh3 43. Nd4 Bd7 44. Nf3 $2 (44. Ke4 {was forced.}) 44... a5 45. Ne5 $2 (45. Nd4 {was the only defense.}) 45... Ke6 46. Ng4 h5 47. Ne3 f6 48. Nf5 Kd5 {White must now prevent ...Bxf5.} 49. Ng3 Bg4 50. Ne4 f5 51. Nd2 b4 52. Ke3 bxc3 {Black mates.} 53. bxc3 a4 54. Nb1 Ke5 55. Na3 f4+ 56. Kf2 Be6 57. Kf3 Bd5+ 58. Kf2 Ke4 59. Ke2 f3+ {Accuracy: White = 46%, Black = 84%.} 0-1